| 000 | 00762nam a22001935i 4500 | ||
|---|---|---|---|
| 001 | 54653 | ||
| 003 | ES-MaACL | ||
| 005 | 20230906163008.0 | ||
| 007 | t| | ||
| 008 | 960729s1815 sp a ||||1| spa d | ||
| 040 |
_aCAM _bspa _cCAM |
||
| 245 | 0 | 0 |
_aFueros del reyno de Navarra _b: desde su creación hasta su feliz union con el de Castilla. |
| 260 |
_aPamplona : _b[s.n.], _c1815 ( _fpor Longas) |
||
| 300 |
_a299 p., [1] h. de grab. ; _c31 p. |
||
| 505 | 8 | _aContiene con port. propia: Diccionario para facilitar la inteligencia de estos fueros / dispuesto por Felipe Baraibar de Haro; 36 p. | |
| 650 | 4 |
_aFueros- _zNavarra (Comunidad Autónoma)- _vHistoria. _9150811 |
|
| 700 | 1 |
_aBaraibar de Haro, Felipe. _925289 |
|
| 852 |
_aES-MaACL _jR-2643 _xOlim:G-1805 |
||
| 999 |
_c54653 _d54653 |
||